| 000 | 01429nam a22002297a 4500 | ||
|---|---|---|---|
| 003 | OSt | ||
| 005 | 20191029062704.0 | ||
| 008 | 180221b xxu||||| |||| 00| 0 spa d | ||
| 020 | _a9501404388 | ||
| 040 | _cPJ | ||
| 100 |
_aEscola, Héctor Jorge _9104 |
||
| 245 | 1 | 0 |
_aEl interés público : _bcomo fundamento del derecho administrativo / _cHéctor Jorge Escola. |
| 260 |
_aBuenos Aires : _bDepalma, _c1989. |
||
| 300 |
_axi, 264 p. _c23 cm. |
||
| 505 | _aContenido: El derecho administrativo y el interés público -- La administración pública y el interés público -- La administración pública, el derecho y el interés publico - La organización administrativa y el interés público -- La función pública y el interés público -- Los servicios públicos y el interés publico -- El acto administrativo y el interés público -- Los contratos administrativos y el interés público -- La actividad de fomento y coacción y el interés público -- El dominio público, las limitaciones propiedad privada y el interés público -- La responsabilidad del Estado, el afianzamiento del principio de legalidad y el interés público -- El interés público y su contenido. | ||
| 650 |
_aDERECHO ADMINISTRATIVO _9211 |
||
| 650 | 0 |
_aINTERÉS PÚBLICO _93038 |
|
| 650 | 0 |
_aADMINISTRACION PUBLICA _9877 |
|
| 650 | 0 |
_aSERVICIO PÚBLICO _91432 |
|
| 650 | 0 |
_aRESPONSABILIDAD DEL ESTADO _91215 |
|
| 942 |
_2udc _cLIB _h342.9 _iESC |
||
| 999 |
_c6 _d6 |
||